Datum a čas kvízu
29
Celkem bodů
Celkový počet nahraných bodů na tomto kvízu bez doplňovacích otázek.
7.
Pořadí na kvízu
Konečné umístění týmu na tomto kvízu.
Zaznamenané odpovědi
| # | Otázka | Odpověď | Body | Výsledky |
|---|---|---|---|---|
| 1. | Osm lidí včetně jednoho Čecha... | v Burkině Faso | 0 | |
| 2. | K půlročnímu vězení odsoudil n... | líbali se | 0 | |
| 3. | Minulý týden proběhl pařížský... | Heidi Klum | 0 | |
| 4. | V letošním roce byla udělena N... | C | 0 | |
| 5. | Organizátoři nadcházejících zi... | Olympijské ohně budou dva. | 0 | |
| 6. | Rozdělení Římské říše mezi Hon... | na konci 4. století | 0 | |
| 7. | Ve 14. století Evropu sevřela... | D | 1 | |
| 8. | Podepsání Mnichovské dohody by... | appeasement (politika appeasementu) | 1 | |
| 9. | Jak se jednoslovně nazývá tent... | Watergate | 1 | |
| 10. | Jak moc velkou chybou byl či n... | A | 0 |